000 00373 a2200109 4500
001 ART_10469
005 20260410161848.0
008 260409a
245 1 0 _aAlgunos factores que afectan la asignación de recursos entre agricultura y ganadería
100 1 _aBeker, Víctor Alberto
773 0 _tEconómica
_g- Año XIX, Nº 2 (may./ago. 1973)
_wREV7541
999 _c24761
_d24761